[Event "33. Potsdamer Weihnachtsturnier"]
[Site "Potsdam"]
[Date "2008.12.29"]
[Round "5.34"]
[White "Binder, Thomas"]
[Black "Eichstaedt, Mirko"]
[Result "1/2-1/2"]
[WhiteElo "1881"]
[BlackElo "1410"]

1. e4 e5 2. Nf3 Nf6 3. Nc3 Nc6 4. Bb5 Bb4 5. O-O O-O 6. Nd5 Nxd5 7. exd5 Ne7
8. c3 Ba5 9. Nxe5 Nxd5 10. d4 d6 11. Nc4 c6 12. Nxa5 Qxa5 13. Bd3 Qd8 14. Qc2
Qh4 15. f4 b5 16. Be4 Be6 17. f5 Bd7 18. Bxd5 cxd5 19. Bf4 Qf6 20. Bg3 a5
21. Qf2 Rae8 22. Qf4 Re2 23. Qxd6 Qxd6 24. Bxd6 Rfe8 25. f6 Rxb2 26. Be5 gxf6
27. Rxf6 Re6 28. Raf1 Rxf6 29. Rxf6 Kf8 30. Rd6 Ke7 31. Rxd5 Rxa2 32. Rc5
1/2-1/2

[Event "33. Potsdamer Weihnachtsturnier"]
[Site "Potsdam"]
[Date "2008.12.29"]
[Round "5.35"]
[White "Bielick, Jakob"]
[Black "Boettcher, Frank, Dr."]
[Result "0-1"]
[WhiteElo "1576"]
[BlackElo "1837"]

1. e4 d5 2. exd5 Nf6 3. d4 Nxd5 4. c4 Nb6 5. Nc3 g6 6. Be3 Bg7 7. Qd2 Bg4
8. f3 Bf5 9. g4 Bd7 10. O-O-O h5 11. g5 Bf5 12. h4 Qd7 13. Bd3 Nc6 14. d5 Ne5
15. Bxf5 Qxf5 16. c5 Nbc4 17. Qe2 Nxe3 18. Qxe3 O-O 19. Rh2 c6 20. Qe4 Qxe4
21. Nxe4 cxd5 22. Rxd5 Rac8 23. Rc2 Rfd8 24. Rxd8+ Rxd8 25. b3 Nd3+ 26. Kb1 Ne1
27. Rd2 Rxd2 28. Nxd2 Bd4 29. Ne2 Bxc5 30. Nc3 Ng2 31. Nde4 Bg1 32. Nd5 Kf8
33. Ng3 Nxh4 34. f4 Nf5 35. Ne4 h4 36. Nd2 h3 0-1

[Event "33. Potsdamer Weihnachtsturnier"]
[Site "Potsdam"]
[Date "2008.12.29"]
[Round "5.36"]
[White "Perestjuk, Marko"]
[Black "Schellknecht, Joerg"]
[Result "0-1"]
[WhiteElo "1269"]
[BlackElo "1813"]

1. e4 e5 2. Nf3 d6 3. Bc4 Be7 4. O-O Nf6 5. Nc3 O-O 6. d4 exd4 7. Nxd4 a6
8. a4 Bd7 9. h3 Nc6 10. Be3 Ne5 11. Bb3 Qc8 12. f4 Nc6 13. Qe2 Nxd4 14. Bxd4
Be6 15. Rac1 Bxb3 16. cxb3 c6 17. Rc2 Re8 18. Qd3 Qe6 19. Qc4 Bd8 20. Qxe6 fxe6
21. e5 dxe5 22. Bxe5 Nd5 23. Re2 Bb6+ 24. Kh2 Nxc3 25. Bxc3 Rad8 26. Rfe1 Kf7
27. f5 exf5 28. Rxe8 Rxe8 29. Rxe8 Kxe8 30. Bxg7 Bc7+ 31. Kg1 Kf7 32. Bc3 Ke6
33. Kf2 Kd5 34. Ke3 Bd6 35. Kd3 Bf4 36. Bg7 b5 37. axb5 axb5 38. Bc3 c5 39. Bd2
Bxd2 40. Kxd2 Kd4 41. Ke2 b4 42. g4 fxg4 43. hxg4 Ke4 44. g5 Kf5 45. Kd3 Kxg5
46. Kc4 h5 47. Kxc5 h4 48. Kxb4 h3 49. Ka3 h2 50. Ka2 h1=Q 0-1

[Event "33. Potsdamer Weihnachtsturnier"]
[Site "Potsdam"]
[Date "2008.12.29"]
[Round "5.39"]
[White "Mohr, Horst"]
[Black "Scheide, Helmut"]
[Result "1/2-1/2"]
[WhiteElo "1599"]
[BlackElo "1991"]

1. d4 Nf6 2. c4 e6 3. Nc3 Bb4 4. Qc2 d5 5. e3 O-O 6. a3 Bxc3+ 7. bxc3 Re8
8. Nf3 Nbd7 9. Be2 dxc4 10. Bxc4 b6 11. O-O Bb7 12. Bd3 h6 13. Bb2 c5 14. Qe2
Qc7 15. Rfd1 Ng4 16. e4 Ngf6 17. Rac1 Rac8 18. Bb1 Qc6 19. Nd2 c4 20. f3 Nf8
21. Nf1 Nh5 22. g3 f5 23. Nd2 Nf6 24. Rf1 b5 25. Rce1 Qd7 26. Qd1 g6 27. Rf2
Rcd8 28. Qc2 N8h7 29. Rfe2 Ng5 30. Kg2 Qc6 31. h4 Nf7 32. Kh2 Kg7 33. Bc1 a6
1/2-1/2

[Event "33. Potsdamer Weihnachtsturnier"]
[Site "Potsdam"]
[Date "2008.12.29"]
[Round "5.40"]
[White "Thiering, Dietmar"]
[Black "Grigoleit, Steven"]
[Result "1/2-1/2"]
[WhiteElo "1489"]
[BlackElo "1970"]

1. g3 g6 2. Bg2 Bg7 3. Nf3 Nf6 4. d3 O-O 5. O-O d5 6. c3 c5 7. Nbd2 Nc6 8. Qc2
b6 9. a3 Bb7 10. b4 cxb4 11. axb4 a5 12. bxa5 bxa5 13. Nb3 Nd7 14. Bd2 Qc7
15. Ra2 Rfc8 16. Rc1 e6 17. Nbd4 Nxd4 18. Nxd4 Nc5 19. Nb3 Nxb3 20. Qxb3 Bc6
21. c4 Rcb8 22. Qd1 Qd8 23. Qc2 Ra6 24. Be3 Qd7 25. Bc5 dxc4 26. Qxc4 Bb5
27. Qf4 Rc8 28. Qd2 a4 29. Ba3 Rb6 30. Rcc2 Rbb8 31. Qg5 f5 32. Qd2 Rxc2
33. Rxc2 Rc8 34. Qc1 Rxc2 35. Qxc2 Bd4 36. e3 Bf6 37. d4 Be7 38. Bc5 Bxc5
39. Qxc5 Kg7 40. Qe5+ Kg8 41. Qc5 Kg7 42. h4 Qe8 43. Qe5+ Kg8 44. Qc5 1/2-1/2

[Event "33. Potsdamer Weihnachtsturnier"]
[Site "Potsdam"]
[Date "2008.12.29"]
[Round "5.41"]
[White "Neumann, Horst"]
[Black "Ruehrmund, Daniel"]
[Result "1/2-1/2"]
[WhiteElo "1438"]
[BlackElo "1841"]

1. c4 c5 2. Nc3 b6 3. e4 e6 4. g3 Bb7 5. Bg2 Nc6 6. d3 g6 7. Nge2 Bg7 8. O-O
Nge7 9. a3 O-O 10. Rb1 d6 11. b4 Qd7 12. Bd2 Nd4 13. Nxd4 Bxd4 14. Ne2 Bg7
15. Bc3 Bxc3 16. Nxc3 Nc6 17. Ne2 Nd4 18. Nxd4 cxd4 19. Qg4 Kh8 20. Rfe1 Qc7
21. Qf4 e5 22. Qf6+ Kg8 23. h4 Qd8 24. Qxd8 Raxd8 25. Rf1 f5 26. exf5 Bxg2
27. Kxg2 gxf5 28. Rbd1 f4 29. a4 a6 30. Rfe1 Rf7 31. c5 bxc5 32. bxc5 f3+
33. Kh3 Re7 34. Rc1 d5 35. c6 Kf7 36. c7 Rc8 37. Rc6 Rcxc7 38. Rxa6 Ra7 39. Rd6
Rxa4 40. Rxd5 Ra3 41. Rd1 Ra2 42. Re1 Kf6 43. g4 Re2 44. Rf1 Rd2 45. Rd6+ Re6
46. g5+ Kf5 47. Rd7 Rxd3 48. Rf7+ Kg6 49. Rd7 h6 50. Kg4 h5+ 51. Kg3 e4 1/2-1/2

[Event "33. Potsdamer Weihnachtsturnier"]
[Site "Potsdam"]
[Date "2008.12.29"]
[Round "5.42"]
[White "Heinrich, Philipp"]
[Black "Schilly, Hans-Joachim"]
[Result "1/2-1/2"]
[WhiteElo "1348"]
[BlackElo "1829"]

1. e4 c6 2. d4 d5 3. Nc3 dxe4 4. Bc4 Nf6 5. f3 exf3 6. Nxf3 Bg4 7. O-O e6
8. Be3 Nbd7 9. Qe2 Be7 10. a3 O-O 11. b4 Nb6 12. Bb3 Nbd5 13. Nxd5 cxd5
14. Rac1 a6 15. c4 dxc4 16. Rxc4 Nd5 17. Bf2 Rc8 18. Rxc8 Qxc8 19. Bxd5 exd5
20. Qxe7 Bxf3 21. gxf3 Re8 22. Qc5 Qf5 23. Re1 Rc8 24. Qe7 h6 25. Qxb7 Rc3
26. Qxa6 1/2-1/2

[Event "33. Potsdamer Weihnachtsturnier"]
[Site "Potsdam"]
[Date "2008.12.29"]
[Round "5.43"]
[White "Lange, Werner"]
[Black "Hoerter, Philip"]
[Result "0-1"]
[WhiteElo "1763"]
[BlackElo "1675"]

1. e4 e5 2. d4 exd4 3. c3 d5 4. exd5 Qxd5 5. cxd4 Nf6 6. Nf3 Bg4 7. Be2 Nc6
8. O-O Bd6 9. h3 h5 10. Nc3 Qf5 11. Ng5 O-O-O 12. hxg4 hxg4 13. f4 Nxd4 14. Be3
Bc5 15. Bd3 Nf3+ 16. Rxf3 Rxd3 17. Qe1 gxf3 18. Bxc5 Qxc5+ 19. Qf2 Rh1+
20. Kxh1 Qxf2 21. Nxf3 Rxf3 22. gxf3 Qxf3+ 23. Kg1 Ng4 24. Nd1 Qe2 25. a4 Qe1+
26. Kg2 Ne3+ 0-1

[Event "33. Potsdamer Weihnachtsturnier"]
[Site "Potsdam"]
[Date "2008.12.29"]
[Round "5.45"]
[White "Fischer, Semen"]
[Black "Maslov, Maxim"]
[Result "0-1"]
[WhiteElo "2001"]
[BlackElo "1209"]

1. Nc3 e5 2. e4 Nf6 3. Bc4 Nxe4 4. Bxf7+ Kxf7 5. Nxe4 Nc6 6. Nf3 h6 7. d4 d5
8. Nc3 e4 9. Ne5+ Nxe5 10. dxe5 Be6 11. f4 Bb4 12. O-O Bc5+ 13. Kh1 g6 14. g4
d4 15. f5 dxc3 16. fxe6+ Kxe6 17. Rf6+ Kxe5 18. Qf1 Qxf6 19. Qxf6+ Kxf6
20. bxc3 e3 21. Kg2 Rhe8 22. Kf3 e2 23. Bd2 Rad8 24. g5+ hxg5 0-1

[Event "33. Potsdamer Weihnachtsturnier"]
[Site "Potsdam"]
[Date "2008.12.29"]
[Round "5.46"]
[White "Fahsel, Nico"]
[Black "Koeckeritz, Dieter"]
[Result "0-1"]
[WhiteElo "1130"]
[BlackElo "1852"]

1. d4 Nf6 2. Nc3 d5 3. Nf3 e6 4. Bg5 Be7 5. e3 Nbd7 6. Bd3 h6 7. Bh4 c5
8. dxc5 Nxc5 9. O-O Nxd3 10. Qxd3 O-O 11. Qe2 a6 12. Rfd1 b5 13. a3 Bb7 14. e4
d4 15. e5 dxc3 16. exf6 Bxf6 17. Bxf6 Qxf6 18. Ne5 Qg5 19. Nf3 Bxf3 20. Qxf3
{ab jetzt ist die Partie nicht nachvollziehbar} 0-1

[Event "33. Potsdamer Weihnachtsturnier"]
[Site "Potsdam"]
[Date "2008.12.29"]
[Round "5.47"]
[White "Nguyen Manh, Phong"]
[Black "Mildenberger, Hans"]
[Result "1/2-1/2"]
[WhiteElo "1009"]
[BlackElo "1565"]

1. e4 e6 2. d4 d5 3. e5 c5 4. c3 Nc6 5. Nf3 Qb6 6. Qb3 Qxb3 7. axb3 cxd4
8. cxd4 a6 9. Be2 Nge7 10. O-O Nf5 11. Be3 Bb4 12. Rc1 O-O 13. Bd3 Nce7 14. Bd2
Bxd2 15. Nbxd2 Nc6 16. Bxf5 exf5 17. Nf1 f4 18. g3 Bg4 19. N1d2 fxg3 20. hxg3
f6 21. Kg2 fxe5 22. Nxe5 Nxe5 23. dxe5 1/2-1/2

[Event "33. Potsdamer Weihnachtsturnier"]
[Site "Potsdam"]
[Date "2008.12.29"]
[Round "5.50"]
[White "Nguyen Manh, Hoang"]
[Black "Werthmann, Nils"]
[Result "1/2-1/2"]
[WhiteElo "1306"]
[BlackElo "1123"]

1. e4 c6 2. d4 d5 3. exd5 cxd5 4. Nf3 Bg4 5. Be3 e6 6. c4 Nf6 7. Nc3 Bb4
8. Be2 Ne4 9. O-O Bxc3 10. bxc3 Nxc3 11. Qc2 Nxe2+ 12. Qxe2 Bxf3 13. Qxf3 O-O
14. cxd5 Qxd5 15. Qg4 Rd8 16. Rfd1 Nc6 17. Bg5 Rd7 18. Bf6 g6 19. Rac1 Qf5
20. Qh4 Qh5 21. Qg3 Qf5 1/2-1/2

[Event "33. Potsdamer Weihnachtsturnier"]
[Site "Potsdam"]
[Date "2008.12.29"]
[Round "5.51"]
[White "Platzek, Rayk"]
[Black "Piel, Robert"]
[Result "1/2-1/2"]
[WhiteElo "1280"]
[BlackElo "1122"]

1. d4 d5 2. c4 c6 3. Nf3 Nf6 4. Bg5 Bg4 5. Nbd2 Nbd7 6. e3 e6 7. Qc2 Bb4
8. Ne5 Bf5 9. Bd3 Qc7 10. Nxd7 Qxd7 11. O-O Bxd3 12. Qxd3 Bxd2 13. Qxd2 Ne4
14. Qe2 Nxg5 15. cxd5 Qxd5 16. Rfc1 Ne4 17. Qg4 Rg8 18. Qf4 Qf5 19. Qxf5 exf5
20. f3 Nd6 21. Rc2 O-O-O 22. d5 Kc7 23. Rac1 Rge8 24. dxc6 b6 25. Kf2 b5 26. b3
Kb6 27. c7 Rc8 28. Rc6+ Kb7 29. Rxd6 Rxc7 30. Rxc7+ Kxc7 31. Rd5 Rd8 32. Rxd8
Kxd8 33. Ke2 Ke7 34. Kd3 Kd6 35. Kd4 a6 36. e4 fxe4 37. fxe4 1/2-1/2

[Event "33. Potsdamer Weihnachtsturnier"]
[Site "Potsdam"]
[Date "2008.12.29"]
[Round "5.52"]
[White "Cech, Tim"]
[Black "Heinrich, Daniela"]
[Result "1/2-1/2"]
[WhiteElo "1122"]
[BlackElo "1412"]

1. c4 f5 2. d4 e6 3. Nc3 d5 4. cxd5 exd5 5. Nf3 Nf6 6. Bg5 Be7 7. g3 O-O
8. Bg2 c6 9. O-O Nbd7 10. a3 Ne4 11. Bxe7 Qxe7 12. Nd2 Ndf6 13. f3 Nxc3
14. bxc3 Qe3+ 15. Rf2 Qxc3 16. Nf1 Bd7 17. e3 Qa5 18. Qd2 Qc7 19. Qb4 a5
20. Qc3 Rfe8 21. Nd2 a4 22. Re1 b6 23. Rfe2 Re7 24. e4 fxe4 25. fxe4 dxe4
26. Nxe4 Nd5 27. Nf6+ Nxf6 28. Rxe7 Qd6 29. Qc4+ Kh8 30. Qd3 Re8 1/2-1/2

[Event "33. Potsdamer Weihnachtsturnier"]
[Site "Potsdam"]
[Date "2008.12.29"]
[Round "5.53"]
[White "Swoboda, Julia"]
[Black "Koenig, Florian"]
[Result "0-1"]
[WhiteElo "1059"]
[BlackElo "1281"]

1. e4 e5 2. Nf3 d6 3. Bc4 Nf6 4. Nc3 Bg4 5. d3 Be7 6. h3 Bh5 7. Be3 c6 8. d4
Nbd7 9. d5 Nb6 10. Bb3 cxd5 11. Bxd5 Nfxd5 12. exd5 f5 13. Qe2 a6 14. g4 fxg4
15. Nd2 Bf7 16. Qxg4 O-O 17. Rg1 Bg6 18. Bxb6 Qxb6 19. O-O-O Rxf2 20. Qe6+ Rf7
21. Rgf1 Qc7 22. Rde1 Bg5 23. Ne4 Bxd2+ 24. Kxd2 Qa5+ 25. c3 Qxa2 26. Rb1 Kh8
27. Ng5 Rxf1 28. Rxf1 Qxb2+ 29. Ke1 Qxc3+ 30. Kf2 Rf8+ 31. Kg2 Qd2+ 32. Kg1
Qxg5+ 0-1

[Event "33. Potsdamer Weihnachtsturnier"]
[Site "Potsdam"]
[Date "2008.12.29"]
[Round "5.55"]
[White "Maseela, Kirian"]
[Black "Semmler, Eva"]
[Result "1-0"]
[WhiteElo "788"]
[BlackElo "781"]

1. e4 e5 2. d4 f6 3. Bc4 Ne7 4. dxe5 d5 5. exd5 fxe5 6. Qf3 Ng6 7. d6 Qxd6
8. Qf7+ Kd8 9. Bg5+ Be7 10. Nd2 Bxg5 11. O-O-O Rf8 12. Qxg7 Bg4 13. f3 Be6
14. Bxe6 Nf4 15. Qxg5+ Ke8 16. Qh6 Nxe6 17. Ne4 Qe7 18. Qh5+ Qf7 19. Nf6+ Ke7
20. Nd5+ Kd6 21. Nf4+ Kc5 22. Qxe5+ Kc6 23. Qd5+ Kb6 24. Nxe6 c6 25. Qc5+ Ka6
26. Qc4+ b5 27. Nc5+ Kb6 28. Qb4 a5 29. Na4+ Kb7 30. Nc5+ Kc7 31. Qd4 Qf4+
32. Qxf4+ Rxf4 33. Ne6+ Kb6 34. Nxf4 Na6 35. Nge2 Nb4 36. Nc3 Rf8 37. Ne6 Rf5
38. Rd8 Rd5 39. Nxd5+ cxd5 40. Rd6+ Nc6 41. Rd1 h5 42. R1xd5 a4 43. Nd4 Kc7
44. Rxc6+ Kb7 45. Rxb5+ Ka7 46. Rcb6 h4 47. Nc6+ Ka8 48. Ra5# 1-0